000 00728nam a2200205 i 4500
001 104010
003 ES-MaACL
005 20230906183506.0
007 t|
008 051122s1964 sp ||||1| spa d
100 1 _aMeyer, Wendelin.
_980802
245 1 0 _aEn los umbrales de la vida interior /
_cWendelin Meyer, O. F. M.; versión española de la segunda edición alemana por el R. P. José Luis Albizu, O. F. M.
260 _aMadrid :
_bStudium,
_c1964.
300 _a118 p. ;
_c17 cm.
490 1 _aColección para religiosas. "Bolsillo" ;
_v8
700 1 _aAlbizu, José Luis.
_919396
830 0 _aColección para religiosas. "Bolsillo" ;
_v8
_9184829
852 _aES-MaACL
_jC-25741
_bR.54532
999 _c104010
_d104010